| 000 | 00400nam a2200157Ia 4500 | ||
|---|---|---|---|
| 003 | OSt | ||
| 005 | 20230526111356.0 | ||
| 008 | 211028s2017 xx 000 0 und d | ||
| 040 | _cAIMIT LIBRARY | ||
| 041 | _aeng | ||
| 100 |
_aManoj, M; Dsouza, Mithun. _98710 _e151920 |
||
| 110 |
_aMithun Dsouza _98711 |
||
| 245 | _aNews-aggregator and analyzer. | ||
| 260 |
_aMangalore _c2017 |
||
| 942 |
_2ddc _cPRO |
||
| 999 |
_c220024 _d220024 |
||